[Event "Ruhrgebiet Verbandsklasse Gruppe 3 1617"]
[Site "Germany"]
[Date "2016.09.25"]
[Round "2.5"]
[White "Boecker, Juergen"]
[Black "Hofmann, Nicolas"]
[Result "1-0"]
[WhiteElo "1797"]
[BlackElo "1592"]
[PlyCount "49"]
[EventDate "2016.09.04"]
[EventType "team-tourn"]
[EventRounds "9"]
[EventCountry "GER"]
[SourceTitle "EXT 2022"]
[Source "ChessBase"]
[SourceDate "2021.10.06"]
[SourceVersion "1"]
[SourceVersionDate "2021.10.06"]
[SourceQuality "1"]
[WhiteTeam "Oberhausen SW"]
[BlackTeam "Recklinghausen Laeufer Ost"]
[WhiteTeamCountry "GER"]
[BlackTeamCountry "GER"]

1. e4 c5 2. Nc3 e6 3. f4 a6 4. Nf3 Qc7 5. d3 d6 6. g3 Nd7 7. Bg2 b5 8. 0-0 Bb7 9. Qe2 g6 10. a4 b4 11. Nd1 a5 12. b3 Bg7 13. Bb2 Bxb2 14. Nxb2 0-0-0 15. Rac1 h6 16. c3 Kb8 17. cxb4 axb4 18. d4 Ngf6 19. Nd2 Qb6 20. Nbc4 Ba6 21. Qf2 Qc7 22. Rfe1 Nb6 23. e5 Ne8 24. exd6 Rxd6 25. Nxd6 1-0